zpět

Detail výsledku týmu

Sport bar Texas, Cheb

Datum a čas kvízu

34.5 Celkem bodů Celkový počet nahraných bodů na tomto kvízu bez doplňovacích otázek.
2. Pořadí na kvízu Konečné umístění týmu na tomto kvízu.

Zaznamenané odpovědi

# Otázka Odpověď Body Výsledky
1. Česká vláda ve středu přijala... anticikanismus 1
2. Nevšední hříšník uvízl v pondě... C) holub 1
3. Památkou roku České republiky... poblíž Tachova 1
4. Andrej Babiš se na sociálních... Věra Jourová 1
5. Tým Boston Celtics se minulý t... C 0
6. V pěti otázkách tohoto tématu... halit 1
7. Jaká je denní dávka kuchyňské... B 1
8. Po kterém vzácném minerálu se... po diamantu 0
9. Nejen lidé, ale i zvířata potř... liz 0
10. Jeden z nejznámějších a nejsta... D) Wieliczka 0